Nové prístupy v rozvoji manažérskych informačných systémov podnikov

Manažérske informačné systémy podnikov a ich nové postavenie a úlohy. Súčasný stav a niektoré problémy rozvoja MIS podnikov na Slovensku. Nové prístupy v rozvoji MIS podnikov. Data warehousing. On-line analytical processing. Data mining. Znalostný manažment. Elektronický obchod. Audit informačných s...

ver descrição completa

Na minha lista:
Detalhes bibliográficos
Autor principal: Čarnický, Štefan
Formato: Capítulo de Livro
Idioma:eslovaco
Assuntos:
Tags: Adicionar Tag
Sem tags, seja o primeiro a adicionar uma tag!

MARC

LEADER 00000naa$a2200000$$$4500
001 0038831
005 20240502071501.8
041 0 |a slo 
044 |a SK 
245 1 0 |a Nové prístupy v rozvoji manažérskych informačných systémov podnikov  |c Štefan Čarnický 
520 |a Manažérske informačné systémy podnikov a ich nové postavenie a úlohy. Súčasný stav a niektoré problémy rozvoja MIS podnikov na Slovensku. Nové prístupy v rozvoji MIS podnikov. Data warehousing. On-line analytical processing. Data mining. Znalostný manažment. Elektronický obchod. Audit informačných systémov. Ousourcing informačných systémov. 
610 2 0 |a podnik 
610 2 0 |a systémy informačné 
610 2 0 |a systémy informačné riadiace 
610 2 0 |a dolovanie dát 
610 2 0 |a obchod elektronický 
610 2 0 |a outsourcing 
610 2 0 |a riadenie znalostí 
610 2 0 |a audit 
610 2 0 |a Slovensko 
100 1 |a Čarnický, Štefan